000 01067cam a2200241 4500
008 031029n2003 000 0 eng u
020 _a0471457221
035 _a(Sirsi) u124117
041 _aeng
050 _a711.1
_c18
050 _a333.714
_c21
100 _aLawrence, David P.
245 _aEnvironment impact assessment
_bpractical solutions to recurrent problems
260 _aNew Jersey
_bWiley
_c2003
300 _axiii, 562p.
_c25cm.
350 _a64.50
520 _aProvides practical solutions to Environment Impact Assessment (EIA) practitioners for major, recurrent problems encountered in daily EIA practice. Examines conventional EIA processes and then looks at ways to make EIAs more rigorous, rational, substantive, practical, democratic, collaborative, ethical and adaptive. Concludes by describing how to connect and combine EIA processes. References.
650 _aENVIRONMENTAL IMPACT ASSESSMENTS
650 _aPLANNING PROCESS
650 _aENVIRONMENTAL REGULATION
690 _aENVIRONMENTAL AND LAND CONSULTANCY
942 _n0
999 _c103150
_d103150